000 00475cam a22001337a 4500
008 180718b2002 xxu||||| |||| 00| 0 eng d
082 _aL2 P947
100 _aPurohit, Mahesh C.
245 _aHarmonising taxation of inter-state trade under a sub-national VAT: lessons from international experience
_cby Mahesh C. Purohit
260 _aDelhi
_bNational Institute of Public Finance and Policy
_c2002
300 _a24p.
500 _aDiscussion paper, no. 8
650 _aTaxation
999 _c434125
_d434125